Представление документа в формате MARC21

Поле Инд. ПП Название Значение
Тип записи m
Библиографический уровень m
001 Контрольный номер cae14c71c1a14d24ba36b649e9698ab8
005 Дата корректировки 20240123151234.3
008 Кодируемые данные 240123|||||||||ru |||||||||||||||||rus||
040 a Служба первич. каталог. DE
b Код языка каталог. rus
e Правила каталог. PSBO
084 a Индекс другой классификации/Индекс ББК 30н+31.2я7
203 a Вид содержания Текст
c Тип средства электронный
245 10 a Заглавие Организация работ повышенной опасности в электроэнергетике
c Ответственность Министерство науки и высшего образования Российской Федерации, Федеральное государственное автономное образовательное учреждение высшего образования "Мурманский государственный технический университет", Кафедра техносферной безопасности ; составитель Н. Е. Подобед
h Физич. носитель Электронный ресурс
b Продолж. заглавия методические указания к практическому занятию по дисциплине "Охрана труда и техника безопасности в электроэнергетике" для студентов Института арктических технологий направления подготовки 13.03.02 "Электроэнергетика и электротехника"
260 a Место издания Мурманск
b Издательство МГТУ
c Дата издания 2023
500 a Примечание Электрон. текстовые дан. (1 файл : 355 Кб)
500 a Примечание URL: https://elib.mauniver.ru/2024/M_24_14.pdf
500 a Примечание Доступ из локальной сети Мурманского государственного технического университета. - Загл. с титул. экрана
520 0_ a Аннотация Некоторыми нормативно-правовыми документами определены профессии и виды работ, к которым предъявляются дополнительные (повышенные) требования безопасности труда и предусмотрен особый порядок допуска работников к их выполнению. Работы с повышенной опасностью – это работы, до начала выполнения которых, необходимо осуществить ряд обязательных организационных и технических мероприятий, обеспечивающих безопасность работников при выполнении этих работ. В каждой организации, независимо от организационно-правовых форм и форм собственности, должен быть разработан перечень профессий и видов работ, к которым предъявляются повышенные требования безопасности труда и которые требуют дополнительно специального обучения работников перед их допуском к самостоятельной работе. Работы с повышенной опасностью – это работы, до начала выполнения которых, необходимо осуществить ряд обязательных организационных и технических мероприятий, обеспечивающих безопасность работников при выполнении этих работ. В каждой организации, независимо от организационно-правовых форм и форм собственности, должен быть разработан перечень профессий и видов работ, к которым предъявляются повышенные требования безопасности труда и которые требуют дополнительно специального обучения работников перед их допуском к самостоятельной работы и др.
583 x Служебное примечание Полнотекстовые документы
x Служебное примечание Труды преподавателей МГТУ
x Служебное примечание Техносферная безопасность. ВПО
x Служебное примечание Охрана труда и техника безопасности в электроэнергетике. ВПО
x Служебное примечание Электроэнергетика и электротехника. ВПО
z Открытое примечание 12.03.02
653 0_ a Ключевые слова Безопасность жизнедеятельности
a Ключевые слова Методические указания
a Ключевые слова Охрана труда
a Ключевые слова Техносферная безопасность
a Ключевые слова Труды преподавателей МГТУ
a Ключевые слова Управление безопасностью жизнедеятельности
a Ключевые слова Электронные версии
a Ключевые слова Электроэнергетика
700 12 a Другие авторы Подобед Н. Е.
e Роль лиц Составитель
856 40 u URL https://elib.mauniver.ru/2024/M_24_14.pdf
901 t Тип документа m
952 c Вид литературы учебно-методическое издание